Demand for separate statehood: (Record no. 508125)

000 -LEADER
fixed length control field 00466nam a2200145 4500
008 - FIXED-LENGTH DATA ELEMENTS--GENERAL INFORMATION
fixed length control field 190312b ||||| |||| 00| 0 eng d
100 ## - MAIN ENTRY--PERSONAL NAME
Personal name Naik, Susant Kumar
245 ## - TITLE STATEMENT
Title Demand for separate statehood:
Remainder of title evidences from Hyderabad Karnataka region and Telangana
260 ## - PUBLICATION, DISTRIBUTION, ETC. (IMPRINT)
Date of publication, distribution, etc 2018
300 ## - PHYSICAL DESCRIPTION
Extent p.137-156.
650 ## - SUBJECT ADDED ENTRY--TOPICAL TERM
Topical term or geographic name as entry element Andhra Pradesh - Politics and government
9 (RLIN) 3216
773 ## - HOST ITEM ENTRY
Main entry heading Man and Development
906 ## - LOCAL DATA ELEMENT F, LDF (RLIN)
Subject DIP Politics and government
942 ## - ADDED ENTRY ELEMENTS (KOHA)
Source of classification or shelving scheme
Item type Articles
Holdings
Withdrawn status Lost status Source of classification or shelving scheme Damaged status Not for loan Permanent location Current location Date acquired Serial Enumeration / chronology Barcode Date last seen Koha item type
          Indian Institute of Public Administration Indian Institute of Public Administration 2019-03-12 40(3), Sep, 2018: p.137-156. AR119203 2019-03-12 Articles

Powered by Koha